Loading...
| Literature - British | 0 | 5 | 0 | 1 | 50 | 21 | 80.40 | 1 | 2 | 15.48 | 26.46 |
| Fine Arts - Other | 0 | 4 | 0 | 0 | 40 | 76 | 98.75 | 0 | 1 | 4.87 | 14.29 |
| History - American | 0 | 3 | 1 | 0 | 25 | 69 | 85.33 | 0 | 0 | 6.98 | 11.11 |
| Religion | 0 | 3 | 1 | 1 | 25 | 51 | 91.67 | 1 | 1 | 7.82 | 16.67 |
| Fine Arts - Classical Music | 0 | 3 | 2 | 0 | 20 | 77 | 93.67 | 1 | 2 | 6.87 | 24.60 |
| History - Other | 0 | 2 | 1 | 2 | 15 | 110 | 112.50 | 0 | 0 | 0.00 | 3.70 |
| Social Science | 0 | 1 | 0 | 0 | 10 | 77 | 77.00 | 0 | 0 | 5.00 | 2.78 |
| Literature - World | 0 | 1 | 0 | 0 | 10 | 111 | 111.00 | 1 | 1 | 0.29 | 5.56 |
| Popular Culture | 0 | 1 | 0 | 1 | 10 | 110 | 110.00 | 0 | 0 | 0.00 | 3.33 |
| Science - Other | 0 | 1 | 0 | 0 | 10 | 92 | 92.00 | 0 | 1 | 1.82 | 1.85 |
| History - European | 0 | 1 | 0 | 1 | 10 | 106 | 106.00 | 0 | 0 | 0.00 | 1.85 |
| Literature - American | 0 | 1 | 0 | 0 | 10 | 111 | 111.00 | 0 | 0 | 0.00 | 1.59 |
| Geography | 0 | 1 | 0 | 0 | 10 | 101 | 101.00 | 0 | 0 | 0.00 | 2.86 |
| Literature - European | 0 | 1 | 0 | 0 | 10 | 118 | 118.00 | 0 | 0 | 0.19 | 1.85 |
| History - World | 0 | 1 | 1 | 0 | 5 | 100 | 100.00 | 0 | 0 | 0.22 | 3.70 |
| Fine Arts - Painting and Sculpture | 0 | 0 | 0 | 0 | 0 | 0.00 | 0 | 0 | 0.00 | 0.00 | |
| Philosophy | 0 | 1 | 2 | 0 | 0 | 106 | 106.00 | 0 | 0 | 0.00 | 2.08 |
| Science - Physics | 0 | 0 | 1 | 0 | -5 | 0.00 | 0 | 0 | 0.00 | 0.00 |